Central Library OPAC University of Rajshahi

Bangladesh standard industrial classification of all economic activities, 1980 (BSIC, 1980) / (Record no. 36008)

MARC details
000 -LEADER
fixed length control field 00775nam a2200241 a 4500
001 - CONTROL NUMBER
control field 36008
003 - CONTROL NUMBER IDENTIFIER
rucl marc code BD-RjUL
005 - DATE AND TIME OF LATEST TRANSACTION
control field 20211209052422.0
008 - FIXED-LENGTH DATA ELEMENTS--GENERAL INFORMATION
fixed length control field 190211s1980 bg f000 0 eng
020 ## - INTERNATIONAL STANDARD BOOK NUMBER
Terms of availability Tk30.00
035 ## - SYSTEM CONTROL NUMBER
System control number (BD-RjUL)36105
040 ## - CATALOGING SOURCE
Original cataloging agency DLC
Transcribing agency DLC
Modifying agency DLC
-- BD-RjUL
Language of cataloging eng
041 ## - LANGUAGE CODE
Language code of text/sound track or separate title eng
043 ## - GEOGRAPHIC AREA CODE
Geographic area code a-bg---
082 00 - DEWEY DECIMAL CLASSIFICATION NUMBER
Classification number 338.02095492
Edition number 23
Author mark and year BAB 1980
110 1# - MAIN ENTRY--CORPORATE NAME
Corporate name or jurisdiction name as entry element Bangladesh Bureau of Statistics
9 (RLIN) 228083
245 10 - TITLE STATEMENT
Title Bangladesh standard industrial classification of all economic activities, 1980 (BSIC, 1980) /
Statement of responsibility, etc. compiled by Bangladesh Bureau of Statistics.
260 ## - PUBLICATION, DISTRIBUTION, ETC. (IMPRINT)
Place of publication, distribution, etc. [Dacca] :
Name of publisher, distributor, etc. The Bureau,
Date of publication, distribution, etc. [1980]
300 ## - PHYSICAL DESCRIPTION
Pagination vi, 140 p. ;
Size 29 cm.
500 ## - GENERAL NOTE
General note Cover title.
650 #0 - SUBJECT ADDED ENTRY--TOPICAL TERM
Topical term or geographic name as entry element Industries
Geographic subdivision Bangladesh
General subdivision Classification.
9 (RLIN) 228078
942 ## - ADDED ENTRY ELEMENTS (KOHA)
Source of classification or shelving scheme Dewey Decimal Classification
Koha item type Rare Books
Holdings
Lost status Source of classification or shelving scheme Damaged status Not for loan Collection code Permanent Location Current Location Shelving location Date acquired Source of acquisition Cost, normal purchase price Total Checkouts Full call number Date last seen Copy number Koha item type
  Dewey Decimal Classification   Not For Loan Rare Books Central Library, University of Rajshahi Central Library, University of Rajshahi Rare Book Section 04/08/1984 Dhaka biswabidaya grontho songstha, D. U. 30.00   RA 338.02095492 BAB 1980 11/02/2019 C-1 Rare Books
  Dewey Decimal Classification   Not For Loan Rare Books Central Library, University of Rajshahi Central Library, University of Rajshahi Rare Book Section 04/08/1984 Dhaka biswabidaya grontho songstha, D. U.     RA 338.02095492 BAB 1980 11/02/2019 C-2 Rare Books